000
00321nam a22001337a 4500
008
181029b xxu||||| |||| 00| 0 eng d
020
_a
9780873534802
041
_a
eng
080
_a
510
100
_a
37
101
_a
MAT
245
_a
Principles And Standards For School Mathematics
_c
Howard.J
942
_2
udc
_c
BK
999
_c
50995
_d
50995